banner-ar

الهوية ليست ارثا فولكوريا انها ما يحدد مواقفنا ، ويقود تصرفاتنا ، ويفسر سلوكنا / (Record no. 7710)

MARC details
000 -الفاتح
حقل البيانات ثابتة الطول 00789nam a2200217Ia 4500
008 - عناصر البيانات ثابتة الطول - معلومات عامة
حقل البيانات ثابتة الطول 140319s9999 xx 000 0 ara d
020 ## - الرقم الدولى المعيارى للكتب
الرقم الدولى المعيارى للكتاب 6049269959
040 ## - مصدر الفهرسة
وكالة الفهرسة الأصلية GCL /
وكالة النسخ GCL
082 04 - رقم تصنيف ديوى العشرى
رقم التصنيف 306.45
رقم المادة ر هـ
100 1# - المدخل الرئيسى - إسم شخصى
الإسم الشخصى رجب بو دبوس
245 10 - بيان العنوان
العنوان الهوية ليست ارثا فولكوريا انها ما يحدد مواقفنا ، ويقود تصرفاتنا ، ويفسر سلوكنا /
بيان المسئوليه,etc رجب بو دبوس
250 ## - بيان الطبعة
بيان الطبعة الاولى
260 ## - PUBLICATION, DISTRIBUTION, ETC. (IMPRINT)
تاريخ النشر أو التوزيع 2003
300 ## - الوصف المادى
التعداد 200ص ؛
أبعاد الوعاء 21سم
490 ## - بيان السلسلة
عنوان السلسلة مواقف
رقم المجلد/ التعيين التسلسلي 12
650 04 - المدخل الاضافى بالموضوع-مصطلح موضوعى
مصطلح موضوعي الوعى الاجتماعى
650 04 - المدخل الاضافى بالموضوع-مصطلح موضوعى
مصطلح موضوعي التثقيف الذاتى
650 04 - المدخل الاضافى بالموضوع-مصطلح موضوعى
مصطلح موضوعي الانثروبولوجيا الثقافية
942 ## - عناصر المدخل الإضافي( كوها)
مصدر التصنيف او مخطط الترفيف Dewey Decimal Classification
Koha [default] item type كتاب
260 ## - PUBLICATION, DISTRIBUTION, ETC. (IMPRINT)
-- ليبيا :
-- اكاديمية الفكر الجماهيري ،
Holdings
حالة التراجع حالة الفقد حالة تلف ليس للاعارة المكان المؤقت الموقع الحالى تاريخ الاكتساب اجمالي اﻻعارات رقم الطلب الباركود تاريخ اخر مشاهدة تاريخ تفعيل السعر نوع وعاء كوها
        مكتبة القاهرة الكبرى مكتبة القاهرة الكبرى 03/26/2014   306.45\ر هـ 15854 03/26/2014 03/26/2014 كتاب

Powered By

EGPV